|
|
|
|
| LEADER |
02127nam a22003617a 4500 |
| 001 |
43826 |
| 003 |
BD-DhAAL |
| 005 |
20241202155313.0 |
| 008 |
241202t2016 enk 000 0deng d |
| 020 |
|
|
|a 9781846559181 (hardcover)
|
| 020 |
|
|
|a 1846559189 (hardcover)
|
| 040 |
|
|
|a BD-DhAAL
|c BD-DhAAL
|
| 041 |
1 |
|
|a eng
|h jpn
|
| 082 |
0 |
0 |
|a 784.2092
|2 23
|
| 100 |
1 |
|
|a Ozawa, Seiji,
|d 1935-2024,
|e author.
|9 57221
|
| 240 |
1 |
0 |
|a Ozawa Seiji-san to, ongaku ni tsuite hanashi o suru.
|l English
|
| 245 |
1 |
0 |
|a Absolutely on music :
|b conversations with Seiji Ozawa /
|c [interviews by] Haruki Murakami ; translated from the Japanese by Jay Rubin.
|
| 264 |
|
1 |
|a London :
|b Harvill Secker,
|c 2016.
|
| 300 |
|
|
|a xix, 325 pages ;
|c 21 cm
|
| 500 |
|
|
|a Translated from the Japanese.
|
| 500 |
|
|
|a Reprint. English translation originally published: New York : Alfred A. Knopf, 2016.
|
| 500 |
|
|
|a "Originally published in Japan as Ozawa Seiji-san to, ongaku ni tsuite hanashi o suru by Shinchosa, Tokyo, in 2011"--Title page verso.
|
| 505 |
0 |
|
|a Mostly on the Beethoven Third piano concerto -- On manic record collectors -- Brahms at Carnegie Hall -- The relationship of writing to music -- What happened in the 1960s -- Eugene Ormandy's baton -- On the music of Gustav Mahler -- From Chicago blues to Shin'ichi Mori -- The joys of opera -- In a little Swiss town -- "There's no single way to teach. You make it up as you go along."
|
| 541 |
|
|
|a Donated by Farhana Zahir (Assistant Professor, BBS)
|e 43826
|
| 600 |
1 |
0 |
|a Ozawa, Seiji,
|d 1935-2024
|v Interviews.
|9 57222
|
| 650 |
|
0 |
|a Conductors (Music)
|v Interviews.
|9 57223
|
| 650 |
|
0 |
|a Music
|x History and criticism.
|
| 700 |
1 |
|
|a Murakami, Haruki,
|d 1949-
|e author.
|
| 700 |
1 |
|
|a Rubin, Jay,
|d 1941-
|e translator.
|9 7340
|
| 852 |
|
|
|a Ayesha Abed Library
|c General Stacks
|
| 942 |
|
|
|2 ddc
|c BK
|
| 999 |
|
|
|c 47162
|d 47162
|
| 952 |
|
|
|0 0
|1 0
|2 ddc
|4 0
|6 784_209200000000000_OZA
|7 0
|9 76981
|a BRACUL
|b BRACUL
|c GEN
|d 2024-12-02
|e Donated by Farhana Zahir (Assistant Professor, BBS)
|l 1
|m 2
|o 784.2092 OZA
|p 3010043826
|r 2026-01-05
|s 2025-12-18
|t 1
|w 2024-12-02
|y BK
|x Donated by Farhana Zahir (Assistant Professor, BBS) ; £20.00
|